| 000 | 01543nam0a22003251 4500 | ||
|---|---|---|---|
| 001 | rc\3556729 | ||
| 005 | 20250610072113.0 | ||
| 021 |
_aRU _b[76-66593] |
||
| 035 | _a(NLR Aleph) 007795505 | ||
| 090 |
_a7666175 _c7666175 |
||
| 100 | _a20130115d1976 |||y0rusy50 ca | ||
| 101 | 0 | _arus | |
| 102 | _aRU | ||
| 105 | _aa z ||||| | ||
| 200 | 1 |
_aМоделирование природного минералообразования на ЭВМ _fИ.К. Карпов, А.И. Киселев, Ф.А. Летников |
|
| 210 |
_aМосква _cНедра _d1976 |
||
| 215 |
_a256 с. _cил. _d22 |
||
| 320 | _aСписок лит.: с. 238-254 (354 назв.) | ||
| 320 | _aПредм. указ.: с. 255 | ||
| 532 | 1 | 2 | _aМоделирование природного минералообразования на электронных вычислительных машинах |
| 606 |
_aМинералообразование _xМатематическое моделирование _2psbo |
||
| 700 | 1 |
_7ca _8rus _aКарпов _bИ. К. _cд-р геол.-минерал. наук _f1933-2005 _gИгорь Константинович _9250300 _3RU\NLR\AUTH\770250356 |
|
| 701 | 1 |
_7ca _8rus _aКиселев _bА. И. _cд-р геол.-минерал. наук _f1935- _gАлександр Ильич _9250297 _3RU\NLR\AUTH\770250353 |
|
| 701 | 1 |
_aЛетников _bФ. А. _gФеликс Артемьевич |
|
| 801 | 0 |
_aRU _bNLR _gpsbo |
|
| 801 | 1 |
_aRU _bELAR _2rusmarc |
|
| 852 |
_aNLR _j77-5/600 |
||
| 942 | _cBOOK | ||
| 980 | _aNB | ||